| 000 | 00367nam a22001337a 4500 | ||
|---|---|---|---|
| 999 |
_c55044 _d55044 |
||
| 008 | 200205b ||||| |||| 00| 0 eng d | ||
| 041 | _aeng | ||
| 080 |
_2043.3 _a043.3 |
||
| 082 | _a043.3 | ||
| 100 | _a0 | ||
| 101 | _aBTH | ||
| 245 |
_aKujdesi Infermieror për Fëmijët me Autizëm dhe Qasja e Infermierit në Menaxhimin e Barnave _cBalidemaj,D |
||
| 942 |
_2udc _cBK |
||